İçeriği atla
Inicio
Centros participantes
Catálogo
Servicios
Contacto
Giriş
English
Deutsch
Español
Français
Italiano
日本語
Nederlands
Português
Português (Brasil)
中文(简体)
中文(繁體)
Türkçe
עברית
Gaeilge
Cymraeg
Ελληνικά
Català
Euskara
Русский
Čeština
Suomi
Svenska
polski
Dansk
slovenščina
اللغة العربية
বাংলা
Galego
Tiếng Việt
Hrvatski
हिंदी
Հայերէն
Українська
Sámegiella
Dil
Tüm Alanlar
Materyal Adı
Yazar
Konu
Yer Numarası
ISBN/ISSN
Etiket
Ara
Gelişmiş
El Desarrollo en el banquillo
Alıntıla
E-posta Gönder
Yazdır
Kaydı İhraç Et
İhraç Et RefWorks
İhraç Et EndNoteWeb
İhraç Et EndNote
Favorilerime ekle
Kalıcı bağlantı
İlk derecelendirmeyi ekleyin
El Desarrollo en el banquillo
Kaydedildi:
Detaylı Bibliyografya
Yazar:
Cardoso, Fernando Henrique
Materyal Türü:
Metin
Baskı/Yayın Bilgisi:
México, D.F.:
ILET
Etiketler:
Etiketle
Etiket eklenmemiş, İlk siz ekleyin!
Erişim Bilgileri
Diğer Bilgiler
Yorumlar
Benzer Materyaller
MARC Görünümü
MARC
LEADER
00000 a a2200000 04500
001
19246
003
040
090
|a
019600
100
|a
Cardoso, Fernando Henrique
245
|a
El Desarrollo en el banquillo
260
|a
México, D.F.:
|b
ILET
300
|a
71 p.
999
|c
10221
|d
10221
Benzer Materyaller
El Papel de la investigación en el desarrollo agroindustrial alimentario de Costa Rica
Yazar:: Arias M, L. Fernando
Consumo y estilos de desarrollo
Yazar:: Filgueira, Carlos
Situación y tendencias de las políticas culturales de los estados miembros de América Latina y el Caribe
Indicadores de pobreza en Costa Rica, 1
Yazar:: Calvo Coin, Otto
Diferencias socioeconómicas de la fecundidad en Argentina: 1958-1968 /
Yazar:: Behm Rosas, Hugo